Téniers: 1610 - 1690

Saved in:
Bibliografiske detaljer
Format: Bog
Sprog:fransk
Udgivet: París Pierre Lafitte 1913
Serier:<Les >Peintres Illustres, 54
Fag:
Tags: Tilføj Tag
Ingen Tags, Vær først til at tagge denne postø!

MARC

LEADER 00000nam a2200000 a 4500
001 UCT8498
003 CL-VaPUC
008 970326e19130000FR |||||||||||||||||fre|d
082 0 4 |a 759.05  |b TEN  |2 21 
245 1 0 |a Téniers: 1610 - 1690 
300 |a 80 p 
942 |c BK 
945 |d 19970326 00:00:00  |a rleighto 
260 |a París  |b Pierre Lafitte  |c 1913 
600 0 7 |a TENIERS, DAVID  |2 CL-VaPUC  |9 380240 
650 0 |a Pintura francesa  |9 266122 
650 0 |a Pintores franceses   |9 340354 
650 0 |a Obras de arte  |9 337253 
650 0 |a Artistas   |9 262026 
650 0 |a Colecciones artísticas   |9 348038 
583 |a last modification  |c 19970326 00:00:00  |k Rodrigo Vera 
490 0 |a <Les >Peintres Illustres, 54 
999 |c 256991  |d 256989 
952 |0 0  |1 0  |4 0  |6 759_050000000000000_TEN_1913  |7 0  |8 P  |9 280195  |a BIBARQ  |b BIBARQ  |d 2019-11-19  |i 3289540  |o 759.05 TEN 1913  |p 3289540  |r 2025-01-20  |w 2019-11-19  |y BK  |k ARQ